Personnages Dumbo par images - Statistiques

Statistiques générales
  • Ce quiz a été pris 15 fois
  • Le résultat moyen est 4 sur 8
Statistiques - réponses
Par images Réponse % Correct
Dumbo
100%
Timothée
92%
Monsieur Loyal
46%
Corbeaux
38%
Casey Junior
31%
Les Clowns
31%
Madame Jumbo
31%
Monsieur Cigogne
0%
Aucun quiz correspondant
Distribution des résultats
% des personnes avec chaque résultat
Percentile par nombre de réponses
Votre historique - résultats
Vous n’avez pas pris ce quiz